Malá encyklopédia public relations. 12 Lobbizmus je výrazom voľnej hry rôznych záujmov
Lobbizmus - súbor činností na ovplyvňovanie legislatívnych a iných rozhodnutí rozličných štátnych orgánov. Pluralitná spoločnosť podmienkou existencie lobbizmu, reálneho javu, legitímneho na presadenie akéhokoľvek záujmu, pokiaľ nie je protispoločenský, antidemokratický, či antihumánny. Lobbizmus v...
Salvato in:
| Autore principale: | |
|---|---|
| Natura: | Capitolo di libro |
| Lingua: | slovacco |
| Soggetti: | |
| Tags: |
Nessun Tag, puoi essere il primo ad aggiungerne!!
|
MARC
| LEADER | 00000naa a2200000 4500 | ||
|---|---|---|---|
| 001 | r015522 | ||
| 005 | 20221213114542.9 | ||
| 041 | 0 | |a slo | |
| 044 | |a SK | ||
| 245 | 1 | 0 | |a Malá encyklopédia public relations. 12 |b Lobbizmus je výrazom voľnej hry rôznych záujmov |c Ivan Žáry |
| 520 | |a Lobbizmus - súbor činností na ovplyvňovanie legislatívnych a iných rozhodnutí rozličných štátnych orgánov. Pluralitná spoločnosť podmienkou existencie lobbizmu, reálneho javu, legitímneho na presadenie akéhokoľvek záujmu, pokiaľ nie je protispoločenský, antidemokratický, či antihumánny. Lobbizmus v EÚ v Bruseli, v americkom kongrese, jeho hranice v USA. Na čo treba pri lobbovaní pamätať. | ||
| 610 | 2 | 0 | |a lobizmus |
| 610 | 2 | 0 | |a právo |
| 610 | 2 | 0 | |a Európska únia |
| 610 | 2 | 0 | |a USA |
| 610 | 2 | 0 | |a práca s verejnosťou |
| 610 | 2 | 0 | |a legislatíva |
| 100 | 1 | |a Žáry, Ivan | |